000 00581nam a2200229Ia 4500
003 OSt
005 20220918192823.0
006 a|||||r|||| 00| 0
007 ta
008 220917b |||||||| |||| 00| 0 eng d
024 _a70,500
037 _cTextual
040 _aARTS
_cARTS
_beng
041 _2eng
_aeng
082 _aR39(B9:8), K3
100 _aEliade Mircea
_972504
245 0 _aMyth and reality
260 _c1963
490 _aWorld perspective ed by Niels Bohr etc
942 _hR39(B9:8), K3
_cTEXL
_2CC
999 _c196598
_d196598